| 000 | 00369nam a2200145Ia 4500 | ||
|---|---|---|---|
| 008 | 150201s1989 xx 000 0 und d | ||
| 082 |
_a617.6 _bN1989N |
||
| 100 | _aNIZEL | ||
| 245 | _aNUTRITION IN CLINICAL DENTISTRY | ||
| 250 | _a3RD | ||
| 260 |
_bSAUNDERS _aPHILADELPHIA _c1989 |
||
| 300 | _aJan-66 | ||
| 650 | _aPREVENTIVE AND COMMUNITY DENTISTRY | ||
| 942 |
_2ddc _cBK |
||
| 999 |
_c3870 _d3870 |
||